[Event "Montreal Mercredi 02"]
[Site "Montreal CAN"]
[Date "2017.02.22"]
[Round "2"]
[White "Lessard, Sylvain"]
[Black "O'Neill, Brendon"]
[Result "0-1"]
[WhiteElo "1732"]
[BlackElo "1772"]
[WhiteFideId "-1"]
[WhiteFideId "-1"]
[PlyCount "74"]
[GameId "2160767908478516"]
[EventDate "2017.02.15"]
[EventType "swiss"]
[EventRounds "5"]
[EventCountry "CAN"]
[SourceTitle "EXT 2022"]
[Source "ChessBase"]
[SourceDate "2021.10.06"]
[SourceVersion "1"]
[SourceVersionDate "2021.10.06"]
[SourceQuality "1"]

1. c4 Nf6 2. Nc3 g6 3. Nf3 Bg7 4. g3 O-O 5. Bg2 c5 6. Rb1 Nc6 7. a3 d5 8. cxd5 Nxd5 9. O-O Bf5 10. Ra1 Nf6 11. d3 Qd7 12. Be3 b6 13. Qd2 Ng4 14. Rfe1 Rad8 15. Rad1 e5 16. Nh4 Be6 17. Bg5 Rde8 18. h3 Nxf2 19. Kxf2 Bxh3 20. Nf3 Bxg2 21. Kxg2 f5 22. e4 f4 23. Nh2 h6 24. Bh4 g5 25. gxf4 exf4 26. Kh1 gxh4 27. Rg1 Kh8 28. Nd5 f3 29. Rg6 Re6 30. Rdg1 Rxg6 31. Rxg6 Kh7 32. Rg1 Nd4 33. Nc3 Ne2 34. Rg4 Ng3+ 35. Kg1 f2+ 36. Kg2 f1=Q+ 37. Nxf1 Nxf1 0-1

[Event "Montreal Mercredi 02"]
[Site "Montreal CAN"]
[Date "2017.02.22"]
[Round "2"]
[White "Ouellet, Maili-Jade"]
[Black "Jacquet, Stephane"]
[Result "1-0"]
[WhiteElo "2142"]
[BlackElo "2129"]
[WhiteFideId "-1"]
[WhiteFideId "-1"]
[PlyCount "133"]
[GameId "2160767908478517"]
[EventDate "2017.02.15"]
[EventType "swiss"]
[EventRounds "5"]
[EventCountry "CAN"]
[SourceTitle "EXT 2022"]
[Source "ChessBase"]
[SourceDate "2021.10.06"]
[SourceVersion "1"]
[SourceVersionDate "2021.10.06"]
[SourceQuality "1"]

1. c4 e6 2. d4 Nf6 3. Nc3 Bb4 4. Qc2 d5 5. a3 Be7 6. cxd5 exd5 7. Bg5 O-O 8. e3 Nbd7 9. Bd3 Re8 10. Nf3 Nf8 11. O-O Ng6 12. Ne5 c6 13. b4 a6 14. f4 Ng4 15. Bxe7 Qxe7 16. Rf3 Qh4 17. Rh3 Qf6 18. Qe2 Nxe3 19. Rxe3 Qxf4 20. Bxg6 hxg6 21. Rd1 f6 22. Ng4 Bxg4 23. Rxe8+ Kh7 24. Qxg4 Qxg4 25. Rxa8 Qe6 26. Kf2 g5 27. Rd2 Kg6 28. Rh8 a5 29. bxa5 Qd6 30. a4 Qb4 31. Rh3 Qxa5 32. Rb2 Qc7 33. Ne2 c5 34. Rb5 cxd4 35. Rxd5 d3 36. Rdxd3 Qc4 37. Rd4 Qc5 38. Rc3 Qf5+ 39. Rf3 Qc5 40. Rb3 Qf5+ 41. Ke1 Qe5 42. g3 Qa5+ 43. Kd1 Qc7 44. Rb5 Qc6 45. h4 gxh4 46. gxh4 Qh1+ 47. Kd2 Qc6 48. Nf4+ Kh7 49. Rh5+ Kg8 50. Rd8+ Kf7 51. Rhd5 Ke7 52. Ng6+ Kf7 53. Nf4 Ke7 54. h5 Qxa4 55. Ng6+ Ke6 56. R5d6+ Kf5 57. Ne7+ Ke5 58. Ng6+ Kf5 59. Rd5+ Ke4 60. Ke1 Qb4+ 61. Kf2 b5 62. Nf4 Qb2+ 63. Ne2 Qb3 64. Ng3+ Kf4 65. Rf5+ Kg4 66. Rd4+ Kh3 67. Rf3 1-0

[Event "Montreal Mercredi 02"]
[Site "Montreal CAN"]
[Date "2017.02.22"]
[Round "2"]
[White "Tremblay, Alain"]
[Black "Cloutier, Mathieu"]
[Result "0-1"]
[WhiteElo "2218"]
[BlackElo "2190"]
[WhiteFideId "-1"]
[WhiteFideId "-1"]
[PlyCount "72"]
[GameId "2160767908478518"]
[EventDate "2017.02.15"]
[EventType "swiss"]
[EventRounds "5"]
[EventCountry "CAN"]
[SourceTitle "EXT 2022"]
[Source "ChessBase"]
[SourceDate "2021.10.06"]
[SourceVersion "1"]
[SourceVersionDate "2021.10.06"]
[SourceQuality "1"]

1. g3 c5 2. c4 Nf6 3. Bg2 g6 4. Nc3 Bg7 5. Nf3 Nc6 6. O-O O-O 7. a3 d6 8. d3 Rb8 9. Rb1 a5 10. Ne1 Bd7 11. Nc2 Qc8 12. b4 axb4 13. axb4 b6 14. Bd2 Bh3 15. Qc1 Bxg2 16. Kxg2 Nh5 17. bxc5 bxc5 18. Rxb8 Qxb8 19. Nb5 Qb7 20. Kg1 Ra8 21. Bh6 Bh8 22. Qb1 Ng7 23. Ne3 Qd7 24. Nd5 Qh3 25. Nbc7 Rb8 26. Nxe7+ Kf8 27. Nxc6 Rxb1 28. Rxb1 Qxh6 29. Rb8+ Ne8 30. Rxe8+ Kg7 31. Ne7 Qc1+ 32. Kg2 Qb2 33. Ncd5 Kh6 34. Rf8 f5 35. e3 Bc3 36. Nxc3 Qxc3 0-1

[Event "Montreal Mercredi 02"]
[Site "Montreal CAN"]
[Date "2017.02.24"]
[Round "3"]
[White "Cloutier, Mathieu"]
[Black "Soudre, Nicolas"]
[Result "0-1"]
[WhiteElo "2190"]
[BlackElo "2225"]
[WhiteFideId "-1"]
[WhiteFideId "-1"]
[PlyCount "68"]
[GameId "2160767908478519"]
[EventDate "2017.02.15"]
[EventType "swiss"]
[EventRounds "5"]
[EventCountry "CAN"]
[SourceTitle "EXT 2022"]
[Source "ChessBase"]
[SourceDate "2021.10.06"]
[SourceVersion "1"]
[SourceVersionDate "2021.10.06"]
[SourceQuality "1"]

1. e4 e6 2. d4 d5 3. Nc3 Bb4 4. Nge2 Nf6 5. e5 Nfd7 6. a3 Be7 7. Be3 c5 8. f4 Nc6 9. Qd2 a6 10. g3 b5 11. dxc5 Bxc5 12. Bxc5 Nxc5 13. Nd4 Qb6 14. Nxc6 Qxc6 15. Bg2 Rb8 16. Ne2 O-O 17. Nd4 Qb6 18. c3 Bd7 19. Rd1 a5 20. Nc2 f6 21. Qd4 fxe5 22. Qxe5 Na4 23. Rb1 Be8 24. Nd4 Bg6 25. Nxe6 Rf7 26. Bxd5 Bxb1 27. Ng5 Bg6 28. f5 Nxb2 29. Kf1 Nd3 30. Qe2 Qf6 31. Kg2 Qxg5 32. Bxf7+ Bxf7 33. Qxd3 Rd8 34. Qxb5 Bd5+ 0-1

[Event "Montreal Mercredi 02"]
[Site "Montreal CAN"]
[Date "2017.03.01"]
[Round "3"]
[White "Barko, Maxim"]
[Black "Beaulieu, Pierre"]
[Result "0-1"]
[WhiteElo "1903"]
[BlackElo "1898"]
[WhiteFideId "-1"]
[WhiteFideId "-1"]
[PlyCount "72"]
[GameId "2160767908478520"]
[EventDate "2017.02.15"]
[EventType "swiss"]
[EventRounds "5"]
[EventCountry "CAN"]
[SourceTitle "EXT 2022"]
[Source "ChessBase"]
[SourceDate "2021.10.06"]
[SourceVersion "1"]
[SourceVersionDate "2021.10.06"]
[SourceQuality "1"]

1. d4 g6 2. e4 Bg7 3. c3 d6 4. f4 Nd7 5. Nf3 Nh6 6. Bd3 e6 7. h3 O-O 8. Be3 f5 9. Nbd2 fxe4 10. Nxe4 e5 11. fxe5 dxe5 12. O-O Nf5 13. Bg5 Qe8 14. Qb3+ Kh8 15. g4 h6 16. Bd2 exd4 17. gxf5 gxf5 18. Ng3 Qg6 19. Kh2 Nc5 20. Qc2 Ne4 21. Nxe4 fxe4 22. Bxe4 Qh5 23. Ng1 Be5+ 24. Kh1 Bxh3 25. Rxf8+ Rxf8 26. Nf3 Bg4+ 27. Kg1 Bxf3 28. Bxf3 Rxf3 29. Be1 Qg4+ 30. Qg2 Bg3 31. cxd4 Qxd4+ 32. Kh1 Qh4+ 33. Kg1 Re3 34. Bc3+ Be5 35. Be1 Rxe1+ 36. Rxe1 Qxe1+ 0-1

[Event "Montreal Mercredi 02"]
[Site "Montreal CAN"]
[Date "2017.03.01"]
[Round "3"]
[White "Cloutier, Mathieu"]
[Black "Beaulieu, Eric"]
[Result "0-1"]
[WhiteElo "2190"]
[BlackElo "2206"]
[WhiteFideId "-1"]
[WhiteFideId "-1"]
[PlyCount "68"]
[GameId "2160767908478521"]
[EventDate "2017.02.15"]
[EventType "swiss"]
[EventRounds "5"]
[EventCountry "CAN"]
[SourceTitle "EXT 2022"]
[Source "ChessBase"]
[SourceDate "2021.10.06"]
[SourceVersion "1"]
[SourceVersionDate "2021.10.06"]
[SourceQuality "1"]

1. e4 c5 2. Nf3 e6 3. d4 cxd4 4. Nxd4 a6 5. Nc3 Qc7 6. f4 Ne7 7. Ndb5 axb5 8. Nxb5 Qa5+ 9. b4 Qxb4+ 10. Kf2 Nd5 11. exd5 Bc5+ 12. Kg3 O-O 13. Bd2 Qb2 14. Bc3 Ra3 15. Qd3 Qxa1 16. Bxa1 Rxd3+ 17. Bxd3 exd5 18. Nc3 d4 19. Ne4 d6 20. Re1 Nc6 21. Bc4 Bd7 22. Ng5 h6 23. Nf3 Ra8 24. c3 dxc3 25. Bxc3 Kf8 26. Nd2 Nd4 27. h3 Nf5+ 28. Kh2 Bf2 29. Re2 Bg3+ 30. Kg1 Bxf4 31. g4 Ng3 32. Re1 Rc8 33. Kf2 b5 34. Kf3 g5 0-1

[Event "Montreal Mercredi 02"]
[Site "Montreal CAN"]
[Date "2017.03.01"]
[Round "3"]
[White "Jacquet, Stephane"]
[Black "Langlois-Remillard, Alexis"]
[Result "1/2-1/2"]
[WhiteElo "2129"]
[BlackElo "1999"]
[WhiteFideId "-1"]
[WhiteFideId "-1"]
[PlyCount "139"]
[GameId "2160767908478522"]
[EventDate "2017.02.15"]
[EventType "swiss"]
[EventRounds "5"]
[EventCountry "CAN"]
[SourceTitle "EXT 2022"]
[Source "ChessBase"]
[SourceDate "2021.10.06"]
[SourceVersion "1"]
[SourceVersionDate "2021.10.06"]
[SourceQuality "1"]

1. d4 d5 2. c4 Nc6 3. Nf3 Bg4 4. e3 Nf6 5. Qb3 Rb8 6. cxd5 Bxf3 7. gxf3 Qxd5 8. Bc4 Qh5 9. Bd2 e6 10. Be2 Be7 11. Nc3 a6 12. O-O-O O-O 13. Rdg1 b5 14. h4 b4 15. Nd1 Nd5 16. Qa4 Rb6 17. Rg4 b3 18. axb3 Ndb4 19. Rhg1 Bf6 20. f4 Qf5 21. Bxb4 Nxb4 22. Kd2 Rd8 23. Ke1 Nd3+ 24. Kf1 c5 25. Qc4 Nb4 26. dxc5 Qb1 27. Kg2 Rbb8 28. c6 Rdc8 29. c7 Rb7 30. Nc3 Qxb2 31. Ne4 Rcxc7 32. Nxf6+ Qxf6 33. Qe4 Nd5 34. Bd3 g6 35. Kh3 Rb4 36. Bc4 Qf5 37. Qxf5 exf5 38. Rg5 Ne7 39. h5 Kg7 40. hxg6 fxg6 41. Ra1 Rc6 42. Rgg1 Rd6 43. Rgd1 Rc6 44. Rd7 Kf6 45. Ra7 Rbb6 46. Rd1 Rd6 47. Rxd6+ Rxd6 48. Rxa6 Rxa6 49. Bxa6 Nd5 50. Bc4 Nb4 51. Kg3 h6 52. f3 g5 53. e4 gxf4+ 54. Kxf4 fxe4 55. fxe4 h5 56. e5+ Ke7 57. Kg5 Nc6 58. Kf5 h4 59. Bd5 Nb4 60. Bg2 Nd3 61. Bf1 Nf2 62. b4 h3 63. b5 h2 64. Bg2 Nd1 65. Bf3 Ne3+ 66. Ke4 Nc4 67. Kd5 Nb6+ 68. Kc6 Nd7 69. Kc7 Nxe5 70. Bh1 1/2-1/2

[Event "Montreal Mercredi 02"]
[Site "Montreal CAN"]
[Date "2017.03.01"]
[Round "3"]
[White "Johnson-Constantin, Mathieu"]
[Black "Jean, Robert"]
[Result "1-0"]
[WhiteElo "1913"]
[BlackElo "1851"]
[WhiteFideId "-1"]
[WhiteFideId "-1"]
[PlyCount "114"]
[GameId "2160767908478523"]
[EventDate "2017.02.15"]
[EventType "swiss"]
[EventRounds "5"]
[EventCountry "CAN"]
[SourceTitle "EXT 2022"]
[Source "ChessBase"]
[SourceDate "2021.10.06"]
[SourceVersion "1"]
[SourceVersionDate "2021.10.06"]
[SourceQuality "1"]

1. e4 c5 2. Nf3 Nc6 3. d4 cxd4 4. Nxd4 Nf6 5. Nc3 d6 6. Be2 e5 7. Nb3 Be7 8. O-O O-O 9. Be3 Be6 10. Re1 d5 11. exd5 Nxd5 12. Nxd5 Qxd5 13. Nc5 Qxd1 14. Rexd1 Bf5 15. c3 b6 16. Bf3 Rac8 17. Nd3 Rfd8 18. Bxc6 Rxc6 19. Nxe5 Rcd6 20. Rxd6 Rxd6 21. Bd4 f6 22. Nc4 Rc6 23. Ne3 Be6 24. a3 Kf7 25. Kf1 f5 26. f4 g6 27. g3 a6 28. Rd1 Bb3 29. Rd2 b5 30. Kf2 Rd6 31. Re2 Re6 32. Be5 Bc5 33. Rd2 Ke8 34. Kf3 h5 35. Ng2 a5 36. Ne3 b4 37. axb4 axb4 38. Nd5 bxc3 39. bxc3 Rc6 40. Nf6+ Ke7 41. Rd7+ Ke6 42. Rb7 Bd1+ 43. Kg2 Be7 44. Ng8 Bc5 45. Nf6 Be7 46. Ng8 Bc5 47. Rg7 Kd5 48. Rd7+ Bd6 49. Rxd6+ Rxd6 50. Ne7+ Ke6 51. Bxd6 Kxd6 52. Nxg6 Kc5 53. Ne5 Bc2 54. Kh3 Bd1 55. Kh4 Be2 56. Kg5 Bg4 57. Nxg4 hxg4 1-0

[Event "Montreal Mercredi 02"]
[Site "Montreal CAN"]
[Date "2017.03.01"]
[Round "3"]
[White "O'Neill, Brendon"]
[Black "Baran, Marius"]
[Result "0-1"]
[WhiteElo "1772"]
[BlackElo "1803"]
[WhiteFideId "-1"]
[WhiteFideId "-1"]
[PlyCount "92"]
[GameId "2160767908478524"]
[EventDate "2017.02.15"]
[EventType "swiss"]
[EventRounds "5"]
[EventCountry "CAN"]
[SourceTitle "EXT 2022"]
[Source "ChessBase"]
[SourceDate "2021.10.06"]
[SourceVersion "1"]
[SourceVersionDate "2021.10.06"]
[SourceQuality "1"]

1. e4 c5 2. Nf3 d6 3. d4 cxd4 4. Nxd4 Nf6 5. Nc3 a6 6. f3 e5 7. Nb3 h6 8. Be3 Be6 9. Qd2 Be7 10. Be2 Nc6 11. O-O-O O-O 12. g4 Ne8 13. Kb1 Kh7 14. Rdg1 Bg5 15. h4 Bxe3 16. Qxe3 g6 17. h5 g5 18. Rd1 Na5 19. Nxa5 Qxa5 20. Nd5 Rc8 21. Rd2 Qc5 22. Qb3 b5 23. Qd3 Kg7 24. Rc1 f6 25. c3 Rf7 26. Bd1 a5 27. Bc2 a4 28. b3 Ra7 29. Bd1 Kf7 30. Ne3 axb3 31. Bxb3 Bxb3 32. axb3 Ng7 33. Qd5+ Ne6 34. Nf5 Rca8 35. Nxh6+ Kg7 36. Nf5+ Kh7 37. Qxe6 Ra1+ 38. Kc2 Rxc1+ 39. Kxc1 Qxc3+ 40. Kd1 Qxf3+ 41. Kc2 Ra2+ 42. Kb1 Ra7 43. Ne7 Qf1+ 44. Kc2 Ra2+ 45. Kc3 Qc1+ 46. Kb4 Qc5# 0-1

[Event "Montreal Mercredi 02"]
[Site "Montreal CAN"]
[Date "2017.03.01"]
[Round "3"]
[White "Saha, Ananda"]
[Black "Cardin, Guillaume"]
[Result "1-0"]
[WhiteElo "2022"]
[BlackElo "2000"]
[WhiteFideId "-1"]
[WhiteFideId "-1"]
[PlyCount "65"]
[GameId "2160767908478526"]
[EventDate "2017.02.15"]
[EventType "swiss"]
[EventRounds "5"]
[EventCountry "CAN"]
[SourceTitle "EXT 2022"]
[Source "ChessBase"]
[SourceDate "2021.10.06"]
[SourceVersion "1"]
[SourceVersionDate "2021.10.06"]
[SourceQuality "1"]

1. Nf3 Nf6 2. g3 d5 3. Bg2 g6 4. O-O Bg7 5. d4 O-O 6. c3 c5 7. dxc5 a5 8. Nd4 Na6 9. c6 bxc6 10. Nxc6 Qd6 11. Nxa5 Bg4 12. Bf4 Qe6 13. Re1 Bh3 14. Nb3 Bxg2 15. Kxg2 Nh5 16. Be3 f5 17. Nd4 Qe4+ 18. Nf3 Rab8 19. Nbd2 Qe6 20. Nb3 f4 21. Bxf4 Rxf4 22. gxf4 Nxf4+ 23. Kh1 Nh3 24. Rf1 Rf8 25. Qd3 Qg4 26. Qxa6 e6 27. Nc5 Nf4 28. Rg1 Qf5 29. e3 Qh5 30. exf4 Qxf3+ 31. Rg2 Rxf4 32. Qxe6+ Kh8 33. Qe3 1-0

[Event "Montreal Mercredi 02"]
[Site "Montreal CAN"]
[Date "2017.03.01"]
[Round "3"]
[White "Singher, Jean-Pierre"]
[Black "Ouellet, Maili-Jade"]
[Result "0-1"]
[WhiteElo "2025"]
[BlackElo "2142"]
[WhiteFideId "-1"]
[WhiteFideId "-1"]
[PlyCount "50"]
[GameId "2160767908478527"]
[EventDate "2017.02.15"]
[EventType "swiss"]
[EventRounds "5"]
[EventCountry "CAN"]
[SourceTitle "EXT 2022"]
[Source "ChessBase"]
[SourceDate "2021.10.06"]
[SourceVersion "1"]
[SourceVersionDate "2021.10.06"]
[SourceQuality "1"]

1. Nf3 d5 2. d4 Nf6 3. c4 e6 4. Nc3 Be7 5. e3 O-O 6. Qc2 Nbd7 7. a3 b6 8. cxd5 exd5 9. Bd3 Bb7 10. O-O c5 11. Bd2 c4 12. Be2 a6 13. b3 b5 14. bxc4 dxc4 15. e4 Re8 16. e5 Nd5 17. Ne4 Nf8 18. Rfd1 Ne6 19. g3 Qb6 20. Bg5 Bf8 21. h4 Rac8 22. h5 Rc7 23. h6 Nxg5 24. Nfxg5 Qxh6 25. Kg2 Qxg5 0-1

[Event "Montreal Mercredi 02"]
[Site "Montreal CAN"]
[Date "2017.03.01"]
[Round "3"]
[White "Zheng, Richard"]
[Black "Khudaverdian, Berj"]
[Result "1/2-1/2"]
[WhiteElo "1795"]
[BlackElo "1719"]
[WhiteFideId "-1"]
[WhiteFideId "-1"]
[PlyCount "105"]
[GameId "2160767908478529"]
[EventDate "2017.02.15"]
[EventType "swiss"]
[EventRounds "5"]
[EventCountry "CAN"]
[SourceTitle "EXT 2022"]
[Source "ChessBase"]
[SourceDate "2021.10.06"]
[SourceVersion "1"]
[SourceVersionDate "2021.10.06"]
[SourceQuality "1"]

1. d4 Nf6 2. c4 d6 3. Nc3 g6 4. e4 Nbd7 5. Nf3 Bg7 6. Be2 e5 7. dxe5 dxe5 8. Bg5 O-O 9. O-O c6 10. Qd6 Re8 11. Rad1 Re6 12. Qd3 Qc7 13. b4 h6 14. Bh4 Nh5 15. Qc2 Nf4 16. Bg3 Nxe2+ 17. Qxe2 Nf8 18. Nd4 Re7 19. c5 Ne6 20. Nxe6 Bxe6 21. Qd3 Rd7 22. Qc2 Rad8 23. Rxd7 Rxd7 24. Rd1 Qd8 25. a3 h5 26. f3 Rxd1+ 27. Qxd1 Qd4+ 28. Qxd4 exd4 29. Nb1 d3 30. e5 h4 31. Bf4 f6 32. Kf2 fxe5 33. Bg5 b6 34. cxb6 axb6 35. Ke3 c5 36. bxc5 bxc5 37. Bxh4 Bh6+ 38. Kxd3 Bf5+ 39. Kc4 Bxb1 40. Kxc5 Bf8+ 41. Kd5 Bxa3 42. Kxe5 Kf7 43. g4 Bb2+ 44. Kf4 Ke6 45. Kg3 Bc3 46. f4 Bd3 47. Kf3 Kd5 48. f5 Be4+ 49. Kg3 Be5+ 50. Kf2 gxf5 51. gxf5 Bxf5 52. Bg3 Bxg3+ 53. Kxg3 1/2-1/2

[Event "Montreal Mercredi 02"]
[Site "Montreal CAN"]
[Date "2017.03.01"]
[Round "3"]
[White "Zumsteg, Nicolas"]
[Black "Didier, Have"]
[Result "0-1"]
[WhiteElo "1910"]
[BlackElo "1964"]
[WhiteFideId "-1"]
[WhiteFideId "-1"]
[PlyCount "46"]
[GameId "2160767908478530"]
[EventDate "2017.02.15"]
[EventType "swiss"]
[EventRounds "5"]
[EventCountry "CAN"]
[SourceTitle "EXT 2022"]
[Source "ChessBase"]
[SourceDate "2021.10.06"]
[SourceVersion "1"]
[SourceVersionDate "2021.10.06"]
[SourceQuality "1"]

1. e4 d6 2. d4 Nf6 3. Nc3 Nbd7 4. Nf3 e5 5. Bc4 Be7 6. h3 c6 7. O-O h6 8. Be3 Qc7 9. a4 g5 10. Nd2 Nf8 11. Ne2 Ng6 12. Ng3 Nf4 13. dxe5 dxe5 14. f3 h5 15. Nf5 Bxf5 16. exf5 N6d5 17. Bf2 Qd7 18. g4 Nxh3+ 19. Kg2 Ndf4+ 20. Kg3 Nxf2 21. Qe1 hxg4 22. Ne4 Nxe4+ 23. Qxe4 Qd2 0-1

[Event "Montreal Mercredi 02"]
[Site "Montreal CAN"]
[Date "2017.03.08"]
[Round "4"]
[White "Baran, Marius"]
[Black "Autotte, Daniel"]
[Result "1-0"]
[WhiteElo "1803"]
[BlackElo "1760"]
[WhiteFideId "-1"]
[WhiteFideId "-1"]
[PlyCount "77"]
[GameId "2160767908478531"]
[EventDate "2017.02.15"]
[EventType "swiss"]
[EventRounds "5"]
[EventCountry "CAN"]
[SourceTitle "EXT 2022"]
[Source "ChessBase"]
[SourceDate "2021.10.06"]
[SourceVersion "1"]
[SourceVersionDate "2021.10.06"]
[SourceQuality "1"]

1. e4 c6 2. d4 d5 3. e5 Bf5 4. Ne2 e6 5. Ng3 Bg6 6. h4 h6 7. h5 Bh7 8. Bd3 Bxd3 9. cxd3 Qb6 10. Be3 c5 11. dxc5 Bxc5 12. d4 Bb4+ 13. Nd2 Nc6 14. O-O Be7 15. Qg4 Kf8 16. f4 Nd8 17. f5 exf5 18. Nxf5 Ne6 19. Nb3 Bg5 20. Rac1 Bxe3+ 21. Nxe3 Rd8 22. Nf5 Ne7 23. Nd6 Ng5 24. Nc5 Kg8 25. Ndxb7 Rb8 26. Nd6 Qxb2 27. e6 fxe6 28. Nxe6 Qd2 29. Rce1 Nc6 30. Re2 Qd3 31. Kh1 Rb1 32. Rxb1 Qxb1+ 33. Kh2 Qd3 34. Nf5 Kh7 35. Nexg7 Rg8 36. Re6 Rxg7 37. Rxh6+ Kg8 38. Nxg7 Qxd4 39. Qxg5 1-0

[Event "Montreal Mercredi 02"]
[Site "Montreal CAN"]
[Date "2017.03.08"]
[Round "4"]
[White "Didier, Have"]
[Black "Barko, Maxim"]
[Result "0-1"]
[WhiteElo "1964"]
[BlackElo "1903"]
[WhiteFideId "-1"]
[WhiteFideId "-1"]
[PlyCount "113"]
[GameId "2160767908478532"]
[EventDate "2017.02.15"]
[EventType "swiss"]
[EventRounds "5"]
[EventCountry "CAN"]
[SourceTitle "EXT 2022"]
[Source "ChessBase"]
[SourceDate "2021.10.06"]
[SourceVersion "1"]
[SourceVersionDate "2021.10.06"]
[SourceQuality "1"]

1. d4 e6 2. Bf4 c5 3. c3 Nf6 4. e3 Nc6 5. Nd2 d5 6. Bd3 cxd4 7. exd4 Bd6 8. Bg3 Qc7 9. Ngf3 O-O 10. Bh4 e5 11. dxe5 Nxe5 12. Nxe5 Bxe5 13. Bxf6 Bxf6 14. O-O Re8 15. Nb3 Qf4 16. Qf3 Qxf3 17. gxf3 Bh3 18. Rfe1 Re6 19. Re2 Rxe2 20. Bxe2 Re8 21. Bf1 Bf5 22. Rd1 Rd8 23. Nd4 Be6 24. Bb5 Bh3 25. Bf1 Bxf1 26. Kxf1 Be5 27. h3 g6 28. Ne2 g5 29. Nd4 Kg7 30. Nf5+ Kf6 31. Ne3 d4 32. Ng4+ Kf5 33. Ke2 Rd6 34. cxd4 Rxd4 35. Ne3+ Ke6 36. Rxd4 Bxd4 37. b3 Bc5 38. Kd3 Ke5 39. Nc4+ Kf4 40. Ke2 b6 41. Nb2 Ke5 42. Nd3+ Kd4 43. Kd2 Bd6 44. Kc2 a5 45. Kd2 Bc7 46. Kc2 Bb8 47. Kd2 Bh2 48. Nc1 Bf4+ 49. Kc2 Bxc1 50. Kxc1 Kc3 51. Kb1 b5 52. Kc1 b4 53. Kb1 f5 54. Kc1 f4 55. Kb1 Kd2 56. Kb2 Ke2 57. a3 0-1

[Event "Montreal Mercredi 02"]
[Site "Montreal CAN"]
[Date "2017.03.08"]
[Round "4"]
[White "Huang, Qiuyu"]
[Black "Cloutier, Mathieu"]
[Result "1-0"]
[WhiteElo "2190"]
[BlackElo "2190"]
[WhiteFideId "-1"]
[WhiteFideId "-1"]
[PlyCount "65"]
[GameId "2160767908478533"]
[EventDate "2017.02.15"]
[EventType "swiss"]
[EventRounds "5"]
[EventCountry "CAN"]
[SourceTitle "EXT 2022"]
[Source "ChessBase"]
[SourceDate "2021.10.06"]
[SourceVersion "1"]
[SourceVersionDate "2021.10.06"]
[SourceQuality "1"]

1. e4 c5 2. Nf3 d6 3. d4 cxd4 4. Nxd4 Nf6 5. Nc3 a6 6. Bg5 e6 7. f4 Be7 8. Qf3 Qc7 9. O-O-O h6 10. Bh4 Nbd7 11. Bd3 b5 12. e5 Bb7 13. Nxe6 fxe6 14. exf6 Bxf3 15. Bg6+ Kd8 16. fxe7+ Kc8 17. gxf3 Kb7 18. f5 e5 19. Ne4 d5 20. Rxd5 Nf6 21. Nxf6 gxf6 22. Rhd1 Qc4 23. Bxf6 Rhc8 24. Rd7+ Kb6 25. c3 Qxa2 26. R1d6+ Ka5 27. e8=Q Qa1+ 28. Kc2 Qa4+ 29. Kb1 Rxe8 30. Bxe8 Qc4 31. Bf7 Qf4 32. b4+ Ka4 33. Kb2 1-0

[Event "Montreal Mercredi 02"]
[Site "Montreal CAN"]
[Date "2017.03.08"]
[Round "4"]
[White "Jacquet, Stephane"]
[Black "Singher, Jean-Pierre"]
[Result "0-1"]
[WhiteElo "2129"]
[BlackElo "2025"]
[WhiteFideId "-1"]
[WhiteFideId "-1"]
[PlyCount "102"]
[GameId "2160767908478534"]
[EventDate "2017.02.15"]
[EventType "swiss"]
[EventRounds "5"]
[EventCountry "CAN"]
[SourceTitle "EXT 2022"]
[Source "ChessBase"]
[SourceDate "2021.10.06"]
[SourceVersion "1"]
[SourceVersionDate "2021.10.06"]
[SourceQuality "1"]

1. d4 Nf6 2. c4 e6 3. Nf3 d5 4. Nc3 Nbd7 5. cxd5 exd5 6. Bg5 Be7 7. e3 O-O 8. Bd3 Re8 9. O-O c6 10. Qc2 a5 11. a3 Nf8 12. Rab1 g6 13. b4 axb4 14. axb4 Ne6 15. Bh4 Ng7 16. b5 Bf5 17. bxc6 bxc6 18. Rb3 Bxd3 19. Qxd3 Nf5 20. Bg5 Ne4 21. Bxe7 Qxe7 22. Rfb1 Ra3 23. Ne5 Rxb3 24. Rxb3 Nc5 25. dxc5 Qxe5 26. g3 d4 27. e4 Nxg3 28. hxg3 dxc3 29. Rxc3 Qxe4 30. Qd7 Re5 31. Qd8+ Kg7 32. Re3 Qd5 33. Qa5 Rh5 34. Qc3+ Kh6 35. f3 Qxc5 36. Kg2 Qxc3 37. Rxc3 c5 38. f4 Rd5 39. g4 f5 40. g5+ Kg7 41. Kf3 h6 42. gxh6+ Kxh6 43. Ke3 Kg7 44. Rc4 Kf6 45. Kf3 Ke6 46. Kg3 Rd3+ 47. Kh4 Kd5 48. Rc1 Rf3 49. Kg5 Rg3+ 50. Kf6 c4 51. Rd1+ Ke4 0-1

[Event "Montreal Mercredi 02"]
[Site "Montreal CAN"]
[Date "2017.03.08"]
[Round "4"]
[White "Jean, Robert"]
[Black "Beaulieu, Pierre"]
[Result "1/2-1/2"]
[WhiteElo "1851"]
[BlackElo "1898"]
[WhiteFideId "-1"]
[WhiteFideId "-1"]
[PlyCount "132"]
[GameId "2160767908478535"]
[EventDate "2017.02.15"]
[EventType "swiss"]
[EventRounds "5"]
[EventCountry "CAN"]
[SourceTitle "EXT 2022"]
[Source "ChessBase"]
[SourceDate "2021.10.06"]
[SourceVersion "1"]
[SourceVersionDate "2021.10.06"]
[SourceQuality "1"]

1. d4 g6 2. e4 Bg7 3. c4 d6 4. Nc3 Nd7 5. Be3 e5 6. d5 Ngf6 7. f3 O-O 8. g4 Re8 9. Bg5 h6 10. Bh4 Nf8 11. Nge2 c5 12. h3 Bd7 13. Bf2 Qa5 14. Ng3 N6h7 15. h4 a6 16. Qd2 f6 17. Be3 Qd8 18. Bxh6 Qe7 19. Be3 Rab8 20. Be2 b5 21. h5 b4 22. Nd1 f5 23. hxg6 f4 24. gxh7+ Kh8 25. Nf5 fxe3 26. Ndxe3 Bxf5 27. Nxf5 Qf6 28. Rh5 Rb7 29. Qg5 Rd8 30. Nxg7 Qxg5 31. Rxg5 Rxg7 32. Rxg7 Kxg7 33. Kf2 a5 34. Rh1 Nxh7 35. Rh5 a4 36. Ke3 Kg6 37. Rf5 a3 38. b3 Nf6 39. f4 exf4+ 40. Kxf4 Rh8 41. g5 Ne8 42. e5 Rh2 43. exd6 Nxd6 44. Rf6+ Kg7 45. Rxd6 Rxe2 46. Ra6 Rxa2 47. Ke5 Rb2 48. d6 Rxb3 49. d7 Rd3 50. Rd6 Rxd6 51. Kxd6 a2 52. d8=Q a1=Q 53. Qc7+ Kg6 54. Qxc5 Qa6+ 55. Kd5 b3 56. Qb4 Qa8+ 57. Kd4 Qa2 58. Qd6+ Kxg5 59. Qe5+ Kg4 60. Qe4+ Kg3 61. Qg6+ Kf2 62. Qf5+ Ke1 63. Qe4+ Kd1 64. Qf3+ Kc2 65. Qd3+ Kb2 66. Qc3+ Kb1 1/2-1/2